书目信息 |
| 题名: |
数学分析讲义
|
|
| 作者: | 傅沛仁 , 刘玉琏 编 | |
| 分册: | 上册 | |
| 出版信息: | 北京 高等教育出版社 1981 |
|
| 页数: | 415页 | |
| 开本: | 21cm | |
| 丛书名: | ||
| 单 册: | ||
| 中图分类: | O17 | |
| 科图分类: | ||
| 主题词: | 数学分析 | |
| 电子资源: | ||
| ISBN: | ||
| 000 | 00693nam0 2200265 45 | |
| 001 | 0181005463 | |
| 005 | 20060518084551.81 | |
| 010 | @dCNY1.25 | |
| 091 | @a13012.0674 | |
| 100 | @a19950706d1981 em y0chiy0121 ea | |
| 101 | 0 | @achi |
| 102 | @aCN@b110000 | |
| 105 | @ay z 000yy | |
| 200 | 10 | @a数学分析讲义@Ashu xue fen xi jiang yi@h上册@f刘玉琏,傅沛仁编@FLiu Yu Lian,Fu Pei Ren Bian |
| 205 | @a2版 | |
| 210 | @a北京@c高等教育出版社@d1981 | |
| 215 | @a415页@d21cm | |
| 300 | @a高等学校教材 | |
| 606 | @a数学分析 | |
| 690 | @aO17@v3 | |
| 701 | 0 | @a傅沛仁@4编 |
| 701 | 0 | @a刘玉琏@4编 |
| 801 | 2 | @aCN@bNLC@c20060518 |
| 801 | 0 | @aCN@b上海图书馆@c20031206 |
| 905 | @dO17@e10:1=2 | |
| 数学分析讲义.上册/刘玉琏,傅沛仁编.-2版.-北京:高等教育出版社,1981 |
| 415页;21cm |
| 高等学校教材 |
| ISBN :CNY1.25 |
| ● |
| 相关链接 |
|
|
|
|
正题名:数学分析讲义
索取号:O17/10:1=2
 
预约/预借
| 序号 | 登录号 | 条形码 | 馆藏地/架位号 | 状态 | 备注 |
| 1 | 0124162 | 202358484 | 密集书库/ [索取号:O17/10:1=2] | 在馆 | |
| 2 | 0124163 | 001977187 | 第三借阅区/ [索取号:O17/10:1=2] | 在馆 | |
| 3 | 0124164 | 000417025 | 第三借阅区/ [索取号:O17/10:1=2] | 在馆 | |
| 4 | 0124167 | 000417016 | 第三借阅区/ [索取号:O17/10:1=2] | 在馆 |